000
00331nam a22001457a 4500
003
SGT
020
_a
9789386418302
082
_a
630
_b
ANE
100
_a
ANEJA. K.R
245
_a
EXPERIMENTAL IN MICROBIOLOGY PLANT PATHOLOGY TISSUE CULTURE
250
_a
5TH
260
_b
NEW AGE PUB.
_c
2018
300
_a
580
942
_2
ddc
_c
BK
999
_c
15770
_d
15770